000 00632nam a2200217 a 4500
005 20240920063936.0
008 070118s2004 mx r 000 0 spa d
020 _a8427714734
035 _aUPN01000148691
049 _aCG
050 4 _aLC5457
_bG3.3
100 1 _aGarcía Mínguez, Jesús
245 1 3 _aLa educación en personas mayores :
_bensayo de nuevos caminos /
_cJesús García Mínguez.
260 _aMadrid :
_bNarcea,
_c2004.
300 _a234 p.
440 0 _aNarcea sociocultural
650 7 _aAncianos
_xEducación
_2
_97159
650 4 _aEducación de adultos
_9956
905 _aLibro
999 _c120832
_d120832